000 00273nmm a2200097Ia 4500
008 220120s9999||||xx |||||||||||||||||und||
020 _a0-07-049940-3
100 _aCHIP magazine
245 0 _aJuly 2011: Power tools, red hot, full games, game demos, lin
260 _bNew Delhi
999 _c139690
_d139690